Statystyki dla Nazwy europejskich państw w ich własnych językach

Kliknij tutaj aby rozwiązać quiz!

Ogólne statystyki

  • Ten quiz został rozwiązany 14 razy
  • Średni wynik to 24 z 45

Statystyki odpowiedzi

HintOdpowiedź% Poprawnych
PolskaPolska
100%
NiemcyDeutschland
92%
WłochyItalia
85%
AndoraAndorra
77%
FrancjaFrance
77%
LiechtensteinLiechtenstein
77%
AustriaÖsterreich
77%
RosjaРоссия/Rossija
77%
San MarinoSan Marino
77%
SzwajcariaSchweiz
77%
FinlandiaSuomi
77%
Wlk. BrytaniaUnited Kingdom
77%
IrlandiaIreland
69%
MaltaMalta
69%
MonacoMonaco
69%
HiszpaniaEspaña
62%
CzechyČesko
54%
LitwaLietuva
54%
MołdawiaMoldova
54%
HolandiaNederland
54%
NorwegiaNorge
54%
RumuniaRomânia
54%
SłoweniaSlovenija
54%
SłowacjaSlovensko
54%
BiałoruśБеларусь/Belarus
46%
BułgariaБългария/Bulgarija
46%
CzarnogóraЦрна Гора/
Crna Gora
46%
ŁotwaLatvija
46%
WęgryMagyarország
46%
PortugaqliaPortugal
46%
SzwecjaSverige
46%
TurcjaTürkiye
46%
UkrainaУкраїна/Ukrajina
46%
WatykanVaticanus/Vaticano
46%
EstoniaEesti
38%
ChorwacjaHrvastka
38%
IslandiaÍsland
38%
BelgiaBelgique
31%
DaniaDanmark
31%
AlbaniaShqipëria
31%
SerbiaСрбија/Srbija
31%
GrecjaΕλλάδα/Ellada
23%
BośniaBosna
15%
LuksemburgLëtzebuerg
15%
Macedonia Płn.Makedonija
15%

Rozkład punktacji

Percentyl według liczby udzielonych odpowiedzi

Procent ludzi z każdym wynikiem

Twoja historia wyników

Nie rozwiązałeś tego quizu